000 00601nam a22002177a 4500
003 UA-OsUOA
001 52902
007 ta
008 20080305b un ||||| |||| 00| 0 ukr d
100 _aОльсевич Ю.
090 _a330
_bО-22
942 _cSA
040 _aUA-OsUOA
_brus
_cUA-OsUOA
_dUA-OsUOA
245 _aЭкономическая теория и природа человека: становится ли тайное явным?
300 _aС.27-43
955 _a0
041 _arus
080 _a330
773 0 _w52901
650 7 _a330 Економіка взагалі
_2UDC
999 _c338987
_d338987